000 00764nam a22002657a 4500
001 43140
003 UA-OsUOA
005 20241112151652.0
007 ta
008 20061206b un ||||| |||| 00| 0 ukr d
020 _a966-680-231-7
040 _aUA-OsUOA
_bukr
_cUA-OsUOA
_dUA-OsUOA
041 _aukr
080 _a657.1(075.8)
090 _a657.1(075.8)
_bГ63
100 _aГольцова С. М.
_917509
245 _aБухгалтерський облік
_bнавч. пос.
260 _aСуми
_bУніверситетська книга
_c2006
300 _a255 с.
650 7 _2UDC
700 _aПлікус І. Й.
_917510
942 _cBK
_2udc
955 _a2
999 _c329271
_d329271